000 01014nam a22002897a 4500
005 20170804162658.0
010 _aENG-109077
020 _a9781259062889
_c350.00
020 _a1259062880
_c350.00 (365.00 bppd)
020 _a9781259062889
_c399.00 (AV)
035 _aEN-92610
035 _aB-664557
037 _bDBAD/PUB
037 _bBSB/Ven
_adpl
082 _a604.2
100 _aAgrawal, Basant
245 _aEngineering drawing /
_cby Basant Agrawal [and] C.M. Agrawal
250 _a2nd ed.
260 _aNew Delhi
_bMcGraw Hill Education
_c2014
270 _aP-24, Green Park Extension
_bNew Delhi
_e110016
300 _avarious pagings :
_c24cm(pbk)
_bill.
500 _aIncludes index
700 _aAgrawal, C.M.
942 _2ddc
_cEN
_mAGR
_h604.2
999 _c81813
_d81813